Villes ayant accueilli des rencontres du Tournoi des Six Nations. - Statistiques

Statistiques générales
  • Ce quiz a été pris 57 fois
  • Le résultat moyen est 9 sur 10
Statistiques - réponses
Matchs Ville % Correct
68 Dublin
100%
67 Rome
100%
63 Saint-Denis
100%
67 Twickenham
100%
2 Marseille
98%
67 Édimbourg
95%
1 Décines-Charpieu
91%
67 Cardiff
89%
2 Villeneuve-d'Ascq
86%
1 Llanelli
11%
Aucun quiz correspondant
Distribution des résultats
% des personnes avec chaque résultat
Percentile par nombre de réponses
Votre historique - résultats
Vous n’avez pas pris ce quiz